[Event "Challenge"]
[Site "http://www.queenalice.com/game.php?id=306022"]
[Date "2007.11.18"]
[Round "-"]
[White "Arnith"]
[Black "tkasperbauer"]
[Result "1-0"]
[WhiteElo "1116"]
[BlackElo "1553"]

1. e4 e5 2. d4 d6 3. d5 Bd7 4. Nf3 Be7 5. Nc3 c6 6. h3 Nf6 7. Qd3 O-O 8. g4 Re8
9. Rg1 c5 10. g5 Nh5 11. Nb5 Qa5+ 12. Bd2 Qb6 13. a4 a6 14. a5 Qxb5 15. Qc3 Nf4
16. Bxb5 Bxb5 17. Bxf4 exf4 18. O-O-O h6 19. gxh6 Bf6 20. Rxg7+ Bxg7 21. Qxg7#
1-0

[Event "Challenge"]
[Site "http://www.queenalice.com/game.php?id=306743"]
[Date "2007.11.19"]
[Round "-"]
[White "Arnith"]
[Black "ZbynioG"]
[Result "0-1"]
[WhiteElo "1086"]
[BlackElo "1862"]

1. e4 Nf6 2. e5 Nd5 3. c4 Nb6 4. Nf3 d6 5. d4 g6 6. c5 dxc5 7. dxc5 Qxd1+ 8.
Kxd1 Nd5 9. Bc4 c6 10. Re1 Bg4 11. h3 Bxf3+ 12. gxf3 e6 13. Bxd5 cxd5 14. Be3
Nd7 15. Bd4 Nxc5 16. Re3 Be7 17. Nc3 O-O 18. Rc1 Rfc8 19. Nb5 b6 20. b4 Na6 21.
f4 Rxc1+ 22. Kxc1 Nxb4 23. a3 Rc8+ 24. Rc3 Rxc3+ 25. Bxc3 Nc6 26. Kd1 a6 27. Nc7
a5 28. Ne8 Bxa3 29. Nf6+ Kg7 30. Ne8+ Kf8 31. Nc7 Bc5 32. Na6 Bxf2 33. Ke2 Bg1
34. Bb2 b5 35. Kf1 Be3 0-1

[Event "To the End of the World"]
[Site "http://www.queenalice.com/game.php?id=307026"]
[Date "2007.11.20"]
[Round "-"]
[White "Roger_Moore"]
[Black "Arnith"]
[Result "1-0"]
[WhiteElo "1372"]
[BlackElo "1116"]

1. e4 Nf6 2. d3 e5 3. a3 d5 4. Nc3 dxe4 5. dxe4 Qxd1+ 6. Kxd1 Nc6 7. h3 Bd7 8.
Nf3 O-O-O 9. Ke1 h5 10. Bg5 Nd4 11. Nxd4 exd4 12. Nd5 Nxd5 13. Bxd8 Kxd8 14.
exd5 Bd6 15. Rd1 Re8+ 16. Be2 c5 17. dxc6 bxc6 18. Rxd4 Re6 19. Kd1 c5 20. Rd2
Bc6 21. Rg1 Ke7 22. Bxh5 g6 23. Bg4 f5 24. Be2 Bf4 25. Rd3 Be4 26. Rc3 Rd6+ 27.
Bd3 a5 28. Ke2 Rd4 29. Rxc5 a4 30. f3 Bb7 31. Rd1 Rd6 32. Bb5 Re6+ 33. Kf1 Re3
34. Rd7+ Kf6 35. Rxb7 Bg3 36. Be2 Kg5 37. Rc3 Rxc3 38. bxc3 Kf4 39. c4 g5 40. c5
g4 41. hxg4 Bh2 42. c6 Kg5 43. gxf5 Kh4 44. f6 Bg1 45. c7 Kg3 46. c8=Q Be3 47.
Qg4+ Kh2 48. Rh7+ Bh6 49. Rxh6# 1-0

[Event "AUTO-INT-690"]
[Site "http://www.queenalice.com/game.php?id=307159"]
[Date "2007.11.20"]
[Round "1"]
[White "otax"]
[Black "Arnith"]
[Result "1-0"]
[WhiteElo "1486"]
[BlackElo "1086"]

1. d4 d5 2. c4 dxc4 3. Nf3 Qd5 4. e3 b5 5. Nc3 Qb7 6. b3 Be6 7. bxc4 bxc4 8.
Qa4+ Nd7 9. Bxc4 O-O-O 10. Ba6 Nb6 11. Bxb7+ Kxb7 12. Qb5 Kc8 13. O-O Rd5 14.
Nxd5 Bxd5 15. Qe8+ Kb7 16. Qxf8 Nd7 17. Qxg7 Ndf6 18. Qxh8 Be4 19. Ba3 Nh6 20.
Bxe7 Nd5 21. Bc5 Bd3 22. Rfd1 Bf5 23. Qe5 1-0

[Event "AUTO-INT-690"]
[Site "http://www.queenalice.com/game.php?id=307160"]
[Date "2007.11.20"]
[Round "1"]
[White "Arnith"]
[Black "otax"]
[Result "0-1"]
[WhiteElo "1095"]
[BlackElo "1484"]

1. e4 e6 2. d4 d5 3. e5 c5 4. Nf3 cxd4 5. Nxd4 Bc5 6. Nf3 Nc6 7. Be3 Bxe3 8.
fxe3 Qb6 9. Qd3 Qxb2 10. Qb3 Qxa1 11. Bd3 Nxe5 12. Qb5+ Nd7 13. c3 Qxa2 14. O-O
Nf6 15. Rf2 Qa6 16. Qb4 Qxd3 17. Rf1 Qxe3+ 18. Rf2 Ng4 19. Qd4 Qxd4 20. Nxd4
Nxf2 21. Kxf2 O-O 0-1

[Event "AUTO-INT-690"]
[Site "http://www.queenalice.com/game.php?id=307173"]
[Date "2007.11.20"]
[Round "1"]
[White "LovelyLocksOfCheez"]
[Black "Arnith"]
[Result "1-0"]
[WhiteElo "1354"]
[BlackElo "1212"]

1. e4 d5 2. Nc3 d4 3. Nd5 c5 4. d3 e6 5. Nf4 e5 6. Nd5 f5 7. Nf3 Qa5+ 8. c3 Nc6
9. Ng5 Qd8 10. c4 h6 11. Qh5+ Kd7 12. Nf7 Qa5+ 13. Bd2 Qa4 14. Qxf5+ Ke8 15. Qg6
Nge7 16. Nc7+ Kd7 17. Qd6# 1-0

[Event "AUTO-INT-690"]
[Site "http://www.queenalice.com/game.php?id=307174"]
[Date "2007.11.20"]
[Round "1"]
[White "Arnith"]
[Black "LovelyLocksOfCheez"]
[Result "0-1"]
[WhiteElo "1284"]
[BlackElo "1332"]

1. e4 e5 2. d4 Nc6 3. d5 Nd4 4. c3 Nb5 5. a4 Nd6 6. Nf3 Nxe4 7. Bd3 Nc5 8. Nxe5
Qe7 9. f4 d6 10. b4 dxe5 11. bxc5 exf4+ 12. Be2 Qxc5 13. Bxf4 Nf6 14. Bf3 Qe7+
15. Be2 Qe4 16. O-O Bc5+ 17. Rf2 Bxf2+ 18. Kf1 Qxf4 19. d6 Bh3 20. Bb5+ Kf8 21.
dxc7 Qxc7 22. Kxf2 Qxh2 23. Ra3 Qxg2+ 24. Ke1 a6 25. Qd6+ Kg8 26. Bc4 Re8+ 27.
Kd1 Bg4+ 28. Kc1 Re1+ 0-1

[Event "AUTO-INT-690"]
[Site "http://www.queenalice.com/game.php?id=307183"]
[Date "2007.11.20"]
[Round "1"]
[White "Arnith"]
[Black "candycorn"]
[Result "1-0"]
[WhiteElo "1086"]
[BlackElo "1313"]

1. e4 e5 2. d4 exd4 3. Qxd4 d5 4. Nc3 c6 5. exd5 Nd7 6. a4 Bc5 7. Qd3 a5 8. Be3
Ne7 9. O-O-O Ne5 10. Qe4 Bd6 11. Bd4 f5 12. Qh4 g6 13. Nf3 b5 14. Bxe5 g5 15.
Qh5+ Ng6 16. Bxh8 Bf4+ 17. Kb1 bxa4 18. Re1+ Kf8 19. Qh6+ Kf7 20. Qg7# 1-0

[Event "AUTO-INT-690"]
[Site "http://www.queenalice.com/game.php?id=307184"]
[Date "2007.11.20"]
[Round "1"]
[White "candycorn"]
[Black "Arnith"]
[Result "0-1"]
[WhiteElo "1371"]
[BlackElo "1201"]

1. e4 e5 2. d3 d5 3. exd5 Qxd5 4. c4 Qd4 5. Be3 Qxb2 6. Nd2 f6 7. Rb1 Qxa2 8. d4
a5 9. Nb3 a4 10. Ra1 Qb2 11. Bd3 axb3 12. Rb1 Bb4+ 13. Bd2 Bxd2+ 14. Qxd2 Qxd4
15. Rxb3 Nh6 16. h3 O-O 17. Nf3 Qd6 18. g4 Re8 19. Qe3 e4 20. Bxe4 Ra1+ 21. Ke2
Rxh1 22. Rd3 Qb4 23. Rc3 Rd8 24. g5 Qb2+ 25. Rc2 Qa1 26. Rd2 Qf1# 0-1

[Event "Let's Play Chess!"]
[Site "http://www.queenalice.com/game.php?id=313295"]
[Date "2007.12.1"]
[Round "-"]
[White "elche"]
[Black "Arnith"]
[Result "1-0"]
[WhiteElo "1679"]
[BlackElo "1086"]

1. e4 d5 2. exd5 Qxd5 3. Nc3 Qd8 4. Nf3 Nf6 5. Bb5+ c6 6. Bc4 e5 7. Nxe5 Be6 8.
Bxe6 fxe6 9. O-O Qc7 10. Re1 Nbd7 11. d4 O-O-O 12. Nxd7 Qxd7 13. Be3 Nd5 14.
Nxd5 Qxd5 15. c3 h5 16. b3 Be7 17. c4 Qf5 18. Qe2 g5 19. f3 g4 20. Rf1 Qh7 21.
f4 Bd6 22. c5 Bc7 23. Bd2 Rhe8 24. Bc3 Qh8 25. Rac1 Qf6 26. d5 exd5 27. Qxe8 Qf5
28. Qe1 Bxf4 29. g3 h4 30. Rxf4 Qh5 31. Qe6+ Kc7 32. Be5+ Rd6 33. Qxd6+ Kc8 34.
Qc7# 1-0

[Event "Let's Play Chess!"]
[Site "http://www.queenalice.com/game.php?id=313302"]
[Date "2007.12.1"]
[Round "-"]
[White "Arnith"]
[Black "elche"]
[Result "0-1"]
[WhiteElo "1095"]
[BlackElo "1712"]

1. d4 d5 2. e3 Nf6 3. Qd3 e6 4. e4 Nxe4 5. f3 Nf6 6. Nc3 Bb4 7. Qb5+ Nc6 8. a3
a6 9. Qe2 Bxc3+ 10. bxc3 b5 11. Bg5 O-O 12. O-O-O Na5 13. Nh3 Nc4 14. Bxf6 Qxf6
15. Qd3 Nxa3 16. g4 Qg6 17. Qe3 Qxc2# 0-1

[Event "AUTO-INT-703"]
[Site "http://www.queenalice.com/game.php?id=313590"]
[Date "2007.12.1"]
[Round "1"]
[White "Loro"]
[Black "Arnith"]
[Result "0-1"]
[WhiteElo "1453"]
[BlackElo "1263"]

1. Nf3 d5 2. d4 Nc6 3. Nc3 b6 4. e4 dxe4 5. Nxe4 Qd5 6. Nc3 Qa5 7. Bd2 Be6 8.
Ne4 Qa4 9. b3 Qa3 10. Bc1 Qa5+ 11. c3 O-O-O 12. Be2 Bf5 13. Nfg5 Nh6 14. O-O Qd5
0-1

[Event "AUTO-INT-703"]
[Site "http://www.queenalice.com/game.php?id=313591"]
[Date "2007.12.1"]
[Round "1"]
[White "Arnith"]
[Black "Loro"]
[Result "1-0"]
[WhiteElo "1237"]
[BlackElo "1479"]

1. e4 e5 2. d4 exd4 3. Qxd4 c5 4. Qc3 Nc6 5. Nd2 Bd6 6. Nc4 Be7 7. Qxg7 Bf8 8.
Qxh8 Nf6 9. Bg5 Qe7 10. Bxf6 Qxe4+ 11. Ne3 d6 12. O-O-O Qe6 13. Bg7 Kd7 14. Qxf8
Nd8 15. Bb5+ Kc7 16. Nd5+ 1-0

[Event "AUTO-INT-703"]
[Site "http://www.queenalice.com/game.php?id=313608"]
[Date "2007.12.1"]
[Round "1"]
[White "Arnith"]
[Black "Roger_Moore"]
[Result "0-1"]
[WhiteElo "1094"]
[BlackElo "1402"]

1. e4 e5 2. d4 exd4 3. Qxd4 Nc6 4. Qe3 a6 5. Bc4 Ne5 6. Bb3 a5 7. Qd4 d6 8. Ne2
b5 9. h3 a4 10. f4 Ng6 11. Bd5 Ra6 12. f5 Ne5 13. O-O c6 14. Qe3 cxd5 15. exd5
f6 16. b3 Ne7 17. Nbc3 Nxf5 18. Qe4 Qb6+ 19. Be3 Nxe3 0-1

[Event "AUTO-INT-703"]
[Site "http://www.queenalice.com/game.php?id=313609"]
[Date "2007.12.1"]
[Round "1"]
[White "Roger_Moore"]
[Black "Arnith"]
[Result "1-0"]
[WhiteElo "1462"]
[BlackElo "1220"]

1. e4 e5 2. Qf3 Nc6 3. c3 d6 4. d3 Be6 5. Ne2 d5 6. Ng3 d4 7. c4 Qd6 8. a3 O-O-O
9. Qd1 Nf6 10. h3 h5 11. b4 h4 12. Ne2 Ne7 13. Qa4 Bd7 14. Qxa7 c6 15. c5 Qb8
16. Qb6 Ng6 17. a4 Qc7 18. Qxc7+ Kxc7 19. Na3 b5 20. a5 Ra8 21. f4 Nxf4 22. Nxf4
exf4 23. Bxf4+ Kd8 24. Nc2 Nh5 25. Bh2 Ng3 26. Bxg3 hxg3 27. Nxd4 Rh6 28. Be2
Kc7 29. Nc2 g5 30. d4 Re8 31. a6 Ra8 32. d5 Bg7 33. Ra2 Bc3+ 34. Kd1 g4 35. d6+
Kd8 36. h4 Be6 37. Ra3 Bf6 38. h5 Ra7 39. Ne3 Bb2 40. Ra5 Bb3+ 41. Nc2 Kd7 42.
Bxg4+ Kd8 43. Rf1 Bc3 44. Kc1 Bc4 45. Rf5 Re6 46. Bf3 Bf1 47. Rxf7 Rxf7 48. a7
Rxa7 49. Rxa7 Rf6 50. Bg4 Ke8 51. Ra8+ Kf7 52. d7 Bd3 53. d8=Q Rf1+ 54. Bd1 Be2
55. Ne3 Rxd1+ 56. Nxd1 Bf6 57. Qf8+ Ke6 58. Qd6+ Kf7 59. Ra7+ Kg8 60. Qb8+ Bd8
61. Qxd8# 1-0

[Event "Let's Play Chess!"]
[Site "http://www.queenalice.com/game.php?id=322298"]
[Date "2007.12.19"]
[Round "-"]
[White "Arnith"]
[Black "elche"]
[Result "0-1"]
[WhiteElo "1287"]
[BlackElo "1613"]

1. e4 c5 2. d4 cxd4 3. Qxd4 Nc6 4. Qd1 e6 5. Nf3 Nf6 6. e5 Nxe5 7. c3 Nxf3+ 8.
Qxf3 d5 9. Bb5+ Bd7 10. Bxd7+ Qxd7 11. O-O Be7 12. Rd1 O-O 13. Rd4 Bc5 14. Rh4
Ne4 15. Qh5 Bxf2+ 16. Kf1 Bxh4 17. Qxh4 Qb5+ 18. Ke1 Qb6 19. Nd2 Nxd2 20. Bxd2
Qxb2 21. Rd1 Qxa2 22. Bf4 Qxg2 23. Qe7 Qe4+ 0-1

[Event "Let's Play Chess!"]
[Site "http://www.queenalice.com/game.php?id=322811"]
[Date "2007.12.19"]
[Round "-"]
[White "Arnith"]
[Black "spawnwolfwolverine"]
[Result "1-0"]
[WhiteElo "1225"]
[BlackElo "1630"]

1. e4 e5 2. d4 exd4 3. Qxd4 d6 4. Nf3 Bd7 5. Qd5 Nc6 6. Ng5 Qe7 7. Bc4 Nh6 8.
Be3 f6 9. Nf3 a6 10. O-O b5 11. Bb3 O-O-O 12. h3 g5 13. Nc3 g4 14. hxg4 Nxg4 15.
a4 Nxe3 16. fxe3 Bh6 17. Rae1 b4 18. Qd3 bxc3 19. Qxa6+ Kb8 20. Bd5 f5 21. Nd4
Qe8 22. Nb5 fxe4 23. bxc3 Qe5 24. Rb1 Bxe3+ 25. Rf2 Bb6 26. a5 Nxa5 27. Qa8# 1-0